Les départements contenant le moins de communes - Statistiques

Statistiques générales
  • Ce quiz a été pris 27 fois
  • Le résultat moyen est 68 sur 101
Statistiques - réponses
classement nombres de communes villes % Correct
66 407 Ain
91%
51 326 Loire
86%
01 1 Paris
86%
100 804 Aisne
82%
54 331 Ariège
82%
32 258 Creuse
82%
10 102 Territoire de Belfort
82%
69 431 Aube
77%
84 537 Calvados
77%
39 279 Finistère
77%
58 353 Gard
77%
05 32 Guadeloupe
77%
40 281 Haute-Savoie
77%
15 158 Lozère
77%
06 34 Martinique
77%
38 278 Rhône
77%
43 285 Savoie
77%
13 151 Vaucluse
77%
33 262 Yvelines
77%
47 317 Allier
73%
22 198 Alpes-de-Haute-Provence
73%
81 516 Bas-Rhin
73%
28 247 Cantal
73%
44 290 Cher
73%
92 596 Eure
73%
63 373 Eure-et-Loir
73%
85 538 Gironde
73%
03 22 Guyane
73%
26 236 Haute-Corse
73%
16 163 Hautes-Alpes
73%
61 366 Haut-Rhin
73%
53 330 Landes
73%
04 24 La Réunion
73%
52 326 Loiret
73%
93 613 Marne
73%
95 686 Oise
73%
09 47 Val-de-Marne
73%
55 339 Ardèche
68%
70 436 Aude
68%
42 285 Aveyron
68%
11 119 Bouches-du-Rhône
68%
64 381 Charente
68%
41 283 Corrèze
68%
62 367 Drôme
68%
21 196 Essonne
68%
72 462 Gers
68%
90 587 Haute-Garonne
68%
31 257 Haute-Loire
68%
75 470 Hautes-Pyrénées
68%
78 506 Jura
68%
50 320 Lot
68%
48 319 Lot-et-Garonne
68%
91 592 Meurthe-et-Moselle
68%
77 501 Meuse
68%
29 253 Morbihan
68%
98 727 Moselle
68%
94 648 Nord
68%
65 389 Orne
68%
87 546 Pyrénées-Atlantiques
68%
25 226 Pyrénées-Orientales
68%
80 510 Seine-et-Marne
68%
08 40 Seine-Saint-Denis
68%
19 184 Val-d'Oise
68%
17 163 Alpes-Maritimes
64%
71 452 Ardennes
64%
12 124 Corse-du-Sud
64%
59 355 Côtes-d'Armor
64%
56 343 Hérault
64%
27 243 Indre
64%
83 521 Isère
64%
36 272 Loir-et-Cher
64%
02 17 Mayotte
64%
49 319 Tarn
64%
14 153 Var
64%
73 466 Charente-Maritime
59%
45 290 Deux-Sèvres
59%
89 576 Doubs
59%
57 345 Ille-et-Vilaine
59%
35 272 Indre-et-Loire
59%
76 476 Manche
59%
30 254 Mayenne
59%
101 891 Pas-de-Calais
59%
74 467 Puy-de-Dôme
59%
99 779 Somme
59%
20 195 Tarn-et-Garonne
59%
34 267 Vendée
59%
67 427 Haute-Marne
55%
23 200 Haute-Vienne
55%
07 36 Hauts-de-Seine
55%
46 309 Nièvre
55%
60 360 Sarthe
55%
37 274 Vienne
55%
68 428 Yonne
55%
86 542 Haute-Saône
50%
24 208 Loire-Atlantique
50%
18 183 Maine-et-Loire
50%
88 567 Saône-et-Loire
50%
96 704 Côte-d'Or
45%
97 711 Seine-Maritime
45%
79 507 Vosges
45%
82 520 Dordogne
41%
Aucun quiz correspondant
Distribution des résultats
% des personnes avec chaque résultat
Percentile par nombre de réponses
Votre historique - résultats
Vous n’avez pas pris ce quiz